[Event "Stay Safe Play From Home 205"]
[Site "T#646634Emanuel Laske"]
[Date "2020.06.07"]
[Round "9"]
[White "EL sanbary"]
[Black "Rogan"]
[Result "0-1"]
[WhiteElo "1922"]
[BlackElo "2135"]
[Annotator "TA"]
[PlyCount "84"]
[EventDate "2020.06.07"]
[EventType "swiss (blitz)"]

{[%evp 16,84,6,1,33,23,90,31,32,42,45,49,156,50,207,103,272,175,291,46,360,325,320,102,106,48,102,102,808,32,427,420,403,412,367,360,320,360,547,552,1175,439,443,-29993,290,-29996,-29993,-29996,598,374,475,88,88,88,88,92,103,-933,-933,-897,-885,-836,-825,-734,-708,-5057,-5057,-4132,-1150,-763,-226]} 1. c4 c6 2. g3 d5 3. cxd5 cxd5 4. d4 Nf6 5. Bg2 Nc6 6. Nf3 Bg4 7. O-O Bxf3 8. Bxf3 e6 9. Nc3 {[#]} h5 $146 {A11: English Opening: 1...c6.} ({Predecessor:} 9... Be7 10. e3 Rc8 11. Bd2 O-O 12. Qe2 Ne8 13. Rfd1 Nd6 14. Rac1 Qd7 15. Be1 f5 16. Bg2 Bf6 17. Na4 {1-0 (71) Karjakin,S (2760)-Sevian,S (2654) Khanty-Mansiysk 2019}) 10. h4 Bd6 (10... Be7 $11 {keeps the balance.}) 11. Re1 (11. e4 $16) 11... Rc8 {White is slightly better.} 12. e4 dxe4 13. Nxe4 Nxe4 (13... O-O $14) 14. Rxe4 (14. Bxe4 $16 {Hoping for d5.} Bb4 15. Re3) 14... Qf6 $2 (14... Be7 $14) 15. Kg2 (15. Bxh5 $6 O-O $16) (15. d5 $18 {has better winning chances.} Ne5 16. Rf4 (16. Bxh5 Qf5 $11 {[%mdl 64] Double Attack})) 15... Ne7 $2 (15... O-O $16 {is a better defense.}) 16. d5 (16. Bxh5 O-O $16) 16... e5 {[#]} (16... exd5 {might work better.} 17. Qxd5 O-O 18. Qxb7 (18. Qxh5 Rc2 $16) 18... Nf5) 17. Bg5 $2 (17. Bxh5 O-O $16) ({White must play} 17. Qa4+ $1 $18 Kd8 18. Qxa7) 17... Qg6 $2 {[%mdl 8192]} (17... Qf5 $14) 18. Qa4+ $18 Kf8 19. Bxe7+ $2 ({Weaker is} 19. Qxa7 f6 $16) (19. Qd7 $18 Re8 20. Ra4 (20. Qxb7 f6 $16)) 19... Kxe7 $16 20. Qxa7 (20. Rae1 $16 f6 21. Qxa7) 20... Rc7 (20... f5 $1 $14 21. Re3 e4) 21. Rae1 $36 {[%mdl 2048] White has strong initiative.} f5 $2 {[%mdl 8192]} (21... f6 $16 22. Bd1 Rd8) 22. R4e2 $2 (22. Rxe5+ $18 Bxe5 23. Rxe5+ Kf7 24. Re6) 22... e4 $2 {[%mdl 8192] [#]} ({Better is} 22... Qf6 $1 $14) 23. Bxe4 $1 $18 {[%mdl 512]} fxe4 24. Rxe4+ Kf7 25. Qb6 {Re6 is the strong threat.} Rf8 {If only Black now had time for ...Kg8....} 26. Re6 {[%mdl 64] Double Attack} Qd3 (26... Qf5 {was called for.}) 27. Qxd6 {Intending Re8 and mate.} Rcc8 28. Re7+ (28. R1e3 $142 {White wants to mate with Re7+.} Qh7 29. Rg6) 28... Kg8 {With the idea ...Qf3+.} 29. Rd7 $4 {[%mdl 8192]} (29. Qe6+ $18 Kh7 30. Re3) 29... Rce8 $4 {[%mdl 8192]} (29... Qf3+ {mates} 30. Kh3 Qf5+ 31. Kh2 Qxf2+ {[%mdl 64] Double Attack} 32. Kh3 Qf5+ 33. g4 Qxg4+ 34. Kh2 Rf2+ {[%mdl 64] Double Attack} 35. Kh1 Qg2#) 30. Ree7 $4 {[%mdl 8192]} (30. Rf1 $18) 30... Rxe7 31. Qxe7 {[%mdl 4096] Endgame KQR-KQR} Qg6 $4 {[%mdl 8192]} (31... Qf3+ {avoids the disaster.} 32. Kh2 Qxf2+ {[%mdl 64] Double Attack} 33. Kh3 Qf1+ 34. Kh2 Rf2#) 32. Rd6 Qf7 33. Qe4 $2 (33. Qe3 $18 {is more deadly.}) 33... Qxf2+ $16 34. Kh3 Qf1+ 35. Qg2 {Threatens to win with Qxf1.} Qf5+ 36. g4 $2 {[%mdl 8192]} (36. Kh2 $16) 36... hxg4+ $19 {Black is clearly winning.} 37. Qxg4 Qf1+ 38. Qg2 Rf3+ 39. Kh2 {[#]} Rf2 $1 {[%csl Gf2][%cal Rf1g2][%mdl 576] Pin} 40. Rd8+ Kh7 {[%csl Gf2][%cal Rf1g2]} 41. Qxf2 Qxf2+ 42. Kh3 Qf3+ {Black used his chance. Accuracy: White = 24%, Black = 27%.} 0-1

[Event "Stay Safe Play From Home 205"]
[Site "T#646634Emanuel Laske"]
[Date "2020.06.07"]
[Round "9"]
[White "NeatFox"]
[Black "Haxhi Baha"]
[Result "1-0"]
[WhiteElo "1791"]
[BlackElo "2014"]
[Annotator "TA"]
[PlyCount "119"]
[EventDate "2020.06.07"]
[EventType "swiss (blitz)"]

{[%evp 9,118,-32,-30,-27,-32,-41,-41,-38,-38,-35,-31,-33,0,-64,4,-3,7,-48,-41,-73,-48,-104,-53,-136,-122,-116,-114,-126,-39,-110,-19,-25,-26,-34,-28,-37,-11,-19,-12,-47,47,-20,14,6,87,0,0,0,17,-31,250,254,264,264,360,339,350,178,373,299,349,287,360,353,504,386,500,488,547,431,454,341,442,408,541,541,764,756,612,149,169,156,142,0,-7,-12,-14,-17,0,0,29993,29994,29994,29994,29995,29995,29996,29997,29997,29996,29997,29997,29997,29997,29997,29998,29998,29998,29998,29999,29999]} 1. g3 e6 2. Bg2 d5 3. c4 c6 4. cxd5 exd5 5. Qb3 Nf6 6. d4 {[#] A13: English Opening: 1...e6.} Bd6 $146 ({Predecessor:} 6... Be7 7. Nf3 O-O 8. O-O Nbd7 9. Bf4 Nh5 10. Be3 f5 11. Nc3 Nb6 12. Ne5 f4 {0-1 (68) Abdurahmanov,A (1664)-Kolosov,A (1902) Uljanovsk 2014}) 7. e3 O-O 8. Nf3 {Black is slightly better.} Nbd7 9. O-O a5 10. Nc3 b5 11. Bd2 (11. e4 $11 dxe4 12. Ng5) 11... a4 (11... Nb6 $15) 12. Qc2 $11 Nb6 13. a3 (13. e4 $11 Nxe4 14. Nxe4 dxe4 15. Qxe4) 13... Nc4 14. Rad1 Bg4 15. Bc1 (15. e4 $15) 15... Bh5 (15... Qc8 $17 16. e4 dxe4 17. Nxe4 Nxe4 18. Qxe4 Bf5) 16. Rde1 ({White should try} 16. e4 $1 $15) 16... Bg6 $17 17. Qe2 Re8 18. Nd2 Nxd2 ({Better is} 18... Qa5 $17 19. Na2 h6) 19. Qxd2 (19. Bxd2 $15 Bc7 20. Rc1) 19... Ne4 (19... b4 $17 20. Ne2 Rb8) 20. Nxe4 $11 dxe4 21. Qc3 Qd7 22. Bd2 Rab8 23. Rc1 Rb6 24. Qa5 Reb8 ({Black should play} 24... Qb7 $15) 25. Qc3 (25. Bb4 $14) 25... h5 26. Qc2 $36 {[%mdl 2048] Black is under pressure.} b4 (26... Qe7 $11) 27. Bxb4 ({Don't play} 27. Bxe4 $6 bxa3 28. bxa3 (28. Bxg6 axb2 29. Bh7+ Kh8 $11) 28... Rb2 $11) (27. Qxa4 $16 h4 28. d5) 27... Bxb4 28. axb4 Rxb4 29. Rb1 a3 $2 {[%mdl 8192]} (29... h4 $15 {keeps the upper hand.}) 30. bxa3 $18 Rxb1 31. Rxb1 Rxb1+ 32. Qxb1 Qd6 33. Qb4 ({Much less strong is} 33. Bxe4 Bxe4 34. Qxe4 Qxa3) (33. a4 $142) 33... Qd5 $2 (33... Qxb4 {was worth a try.} 34. axb4 f5) 34. Bf1 h4 35. gxh4 Kh7 36. h3 Qf5 (36... Qd7 $142 37. a4 Bf5) 37. Bg2 Qf6 38. Qc5 Qxh4 39. Qxc6 Qg5 40. Kf1 Bf5 41. a4 g6 42. a5 Qh4 43. a6 {[#] aiming for a7.} Bxh3 44. Bxh3 $2 (44. Ke1 $18 {and White stays clearly on top.} Bxg2 45. a7 Qh1+ 46. Kd2) 44... Qxh3+ {[%mdl 4096] Endgame KQ-KQ} 45. Ke2 {Black must now prevent a7.} Qf3+ 46. Kd2 (46. Ke1 $16 Qh1+ 47. Kd2) 46... Qxf2+ $11 47. Kc3 {Strongly threatening a7.} Qxe3+ 48. Kc4 {a7 is the strong threat.} Qc1+ 49. Kd5 e3 $2 {[%mdl 8192] [#]} (49... Qg5+ $11 50. Kc4 Qc1+ 51. Kd5 Qxc6+ 52. Kxc6 e3) 50. Qxc1 {White mates.} e2 51. Qe1 f5 52. Qxe2 g5 53. Qe6 Kg7 54. Qxf5 g4 55. Qg5+ Kf7 56. Qxg4 Kf6 57. a7 Ke7 58. a8=Q {[%cal Rg4g7]} Kf7 59. Qa7+ Kf8 60. Qc8# {Accuracy: White = 45%, Black = 34%.} 1-0

[Event "Stay Safe Play From Home 205"]
[Site "T#646634Emanuel Laske"]
[Date "2020.06.07"]
[Round "9"]
[White "Edmatuag"]
[Black "Mepe_Nika"]
[Result "0-1"]
[WhiteElo "1675"]
[BlackElo "2359"]
[Annotator "TA"]
[PlyCount "98"]
[EventDate "2020.06.07"]
[EventType "swiss (blitz)"]

{[%evp 9,98,-45,-40,-36,-45,-39,-51,-105,-44,-92,-77,-81,-85,-96,-89,-91,-86,-92,-52,-52,-37,-112,-116,-344,-354,-587,-562,-566,-299,-298,-301,-313,-286,-286,-282,-412,-413,-458,-455,-458,-454,-480,-431,-489,-460,-510,-458,-475,-471,-607,-508,-604,-550,-651,-589,-661,-652,-691,-664,-637,-643,-697,-671,-704,-690,-4601,-4132,-2410,-660,-2248,-2015,-1834,-931,-931,-931,-931,-437,-871,-910,-6095,-6095,-6199,-6817,-1908,-722,-868,-845,-806,-799,-652,-586]} 1. e3 e5 2. Nf3 g6 3. d4 {[#]} exd4 $146 ({Predecessor:} 3... e4 4. Nfd2 d5 5. f3 Bd6 6. fxe4 Qh4+ 7. g3 Bxg3+ 8. hxg3 Qxh1 9. exd5 Bh3 10. Qf3 Qxf3 11. Nxf3 Bxf1 12. Kxf1 {½-½ (48) Wolf,M (1293)-Wolf,A (1639) Wadg/Hostenbach 2006}) 4. Nxd4 Bg7 5. Nf3 Nf6 6. Bd3 {A00: Irregular Openings.} O-O 7. Nc3 d5 8. Bd2 (8. Rb1 $15) 8... Bg4 ({Black should play} 8... Nbd7 $17) 9. Be2 Nbd7 10. Nd4 Bxe2 11. Ndxe2 c6 12. O-O Re8 13. Nb1 Qb6 14. Bc3 Ne4 15. Nd2 (15. Bxg7 $15 Kxg7 16. Nbc3) 15... Nxc3 $17 16. Nxc3 $2 {Now White is beyond hope.} (16. bxc3 $17 {was forced.} Qa6 17. Re1) 16... Qxb2 $19 17. Na4 $2 (17. Ne2 Qxa1 18. Qxa1 Bxa1 19. Rxa1) 17... Qa3 18. c3 Nb6 19. Nxb6 axb6 {[%cal Ba7b6,Bb6b5][%mdl 32]} 20. Nb3 Bxc3 21. Rc1 Bg7 22. Qc2 (22. Rc2 $142) 22... Qxa2 23. Qxa2 Rxa2 {Black is clearly winning.} 24. Rfe1 b5 25. Nc5 Re7 26. Nd3 h5 27. Nf4 Be5 {White must now prevent ...Bxf4.} 28. Ne2 Bf6 29. Ng3 h4 30. Nf1 d4 31. g3 hxg3 32. Nxg3 dxe3 33. fxe3 Bg5 34. Nf1 Re4 35. Rcd1 Rg4+ 36. Ng3 Bh4 37. Rf1 Bxg3 38. hxg3 Rxg3+ {[%mdl 4096] Endgame KRR-KRR} 39. Kh1 Rgg2 {[#] ( -> ...Rh2+)} 40. Rf3 Rh2+ 41. Kg1 Rag2+ 42. Kf1 Rh1+ 43. Kxg2 Rxd1 {KR-KR} 44. Rf6 Rd2+ 45. Kf3 Kg7 46. Rf4 Rd5 {[#] aiming for ...Rf5.} 47. Re4 Rf5+ 48. Ke2 c5 49. Re7 b4 {Accuracy: White = 37%, Black = 79%.} 0-1

[Event "Stay Safe Play From Home 205"]
[Site "T#646634Emanuel Laske"]
[Date "2020.06.07"]
[Round "9"]
[White "Trotsky"]
[Black "Sfantul321"]
[Result "0-1"]
[WhiteElo "1587"]
[BlackElo "2008"]
[Annotator "NA RC"]
[PlyCount "58"]
[EventDate "2020.06.07"]
[EventType "swiss (blitz)"]

1. d4 {[%emt 0:00:01]} g6 {[%emt 0:00:00]} 2. e3 {[%emt 0:00:01]} Bg7 {[%emt 0:00:00]} 3. c4 {[%emt 0:00:01]} d6 {[%emt 0:00:00]} 4. Nc3 {[%emt 0:00:01]} Nf6 {[%emt 0:00:00]} 5. Bd3 {[%emt 0:00:01]} O-O {[%emt 0:00:01]} 6. Qc2 {[%emt 0:00:01]} Nc6 {[%emt 0:00:01]} 7. a3 {[%emt 0:00:01]} e5 {[%emt 0:00:01]} 8. d5 {[%emt 0:00:01]} Ne7 {[%emt 0:00:01]} 9. Nf3 {[%emt 0:00:01]} Bg4 {[%emt 0:00:01]} 10. Ng5 {[%emt 0:00:01]} h6 {[%emt 0:00:01]} 11. h4 {[%emt 0:00:01]} hxg5 {[%emt 0:00:02]} 12. hxg5 {[%emt 0:00:01]} Nd7 {[%emt 0:00:01]} 13. f3 {[%emt 0:00:02]} e4 {[%emt 0:00:03]} 14. Nxe4 {[%emt 0:00:03]} Bf5 {[%emt 0:00:01]} 15. g4 {[%emt 0:00:01]} Bxe4 {[%emt 0:00:01]} 16. Bxe4 {[%emt 0:00:01]} Ne5 {[%emt 0:00:01]} 17. Bd2 {[%emt 0:00:01]} c6 {[%emt 0:00:02]} 18. O-O-O {[%emt 0:00:01]} cxd5 {[%emt 0:00:01]} 19. f4 {[%emt 0:00:04]} Nxc4 {[%emt 0:00:02]} 20. f5 {[%emt 0:00:03]} Bxb2+ {[%emt 0:00:03]} 21. Kb1 {[%emt 0:00:02]} Nxa3+ {[%emt 0:00:01]} 22. Kxb2 {[%emt 0:00:02]} Nxc2 {[%emt 0:00:01]} 23. Bxc2 {[%emt 0:00:01]} Qb6+ {[%emt 0:00:01]} 24. Kc1 {[%emt 0:00:01]} Rfc8 {[%emt 0:00:02]} 25. Bc3 {[%emt 0:00:01]} Rxc3 {[%emt 0:00:01]} 26. fxg6 {[%emt 0:00:04]} Qxe3+ {[%emt 0:00:01]} 27. Rd2 {[%emt 0:00:01]} Rac8 {[%emt 0:00:01]} 28. Rhh2 {[%emt 0:00:04]} Rxc2+ {[%emt 0:00:01]} 29. Kb1 {[%emt 0:00:05]} Qe1+ {[%emt 0:00:02] Trotsky Ñäàåòñÿ (Lag: Av=0.20s, max=0.7s)} 0-1

[Event "Stay Safe Play From Home 205"]
[Site "T#646634Emanuel Laske"]
[Date "2020.06.07"]
[Round "9"]
[White "Möwe"]
[Black "Lazieri3"]
[Result "1/2-1/2"]
[WhiteElo "1468"]
[BlackElo "2005"]
[Annotator "TA"]
[PlyCount "106"]
[EventDate "2020.06.07"]
[EventType "swiss (blitz)"]

{[%evp 9,106,-83,-30,-76,22,15,-4,-52,15,-63,347,0,0,0,0,-84,-28,-89,-78,-235,-156,-144,-85,-176,-104,-170,-165,-171,-163,-199,-39,-218,-221,-223,-216,-232,-225,-841,-840,-824,-803,-781,-751,-747,-622,-749,-694,-1861,-1724,-2109,-1993,-2290,-1735,-6195,-5710,-29963,-6295,-29963,-29966,-29965,-12788,-6307,-6346,-29981,-29982,-29981,29982,29983,29983,29984,29983,29985,29986,29987,29988,29989,29989,29988,29991,29992,29992,29992,29992,29993,29993,29994,29994,29994,29994,29993,29993,29994,29994,29995,29995,29995,29995,29996,29997]} 1. e4 c6 2. Nf3 d5 3. d4 dxe4 4. Ng5 Nf6 5. Nc3 Bg4 (5... Bf5 $1 $17 6. f3 exf3) 6. Be2 {B10: Caro-Kann: 2 d3 and 2 c4.} Bxe2 (6... Bf5 $1 $17) 7. Qxe2 $11 {[#]} Qxd4 $146 ({Predecessor:} 7... e6 8. Bf4 Be7 9. O-O-O Nbd7 10. Ncxe4 Nxe4 11. Nxe4 Nf6 12. Rd3 Qd5 13. Nc3 Qxg2 {1-0 (39) Kuhn,N-Kuempers,U (2240) Uttenreuth 1996}) 8. Be3 {The position is equal.} Qb4 (8... Qe5 $1 $15) 9. O-O (9. O-O-O $11 e6 10. Ncxe4 (10. Qd2 Nbd7 $15)) 9... Qxb2 $2 {[%mdl 8192]} (9... Nbd7 $15 {keeps the upper hand.}) 10. Ncxe4 $2 (10. Qc4 $1 $18 e6 11. Rab1) 10... Nxe4 11. Nxe4 Qe5 $1 {[%cal Re5e4]} 12. Qd3 (12. Qf3 $11) 12... Nd7 ({Better is} 12... Qd5 $1 $17) 13. Rfe1 (13. Rab1 $11 {keeps the balance.}) 13... Qd5 $17 14. Qb3 $2 (14. Bd4 $17) 14... Qxb3 15. axb3 e6 ({Black should play} 15... a6 $1 16. f4 e6) 16. Red1 {[#]} (16. Bxa7 $17 b6 17. Red1) 16... Be7 (16... a6 $1 $19 17. Bd4 e5) 17. Nd6+ (17. Bxa7 $17 f5 18. Nd6+ Bxd6 19. Rxd6) 17... Bxd6 $1 $19 18. Rxd6 Ke7 19. Rad1 Nf6 $2 (19... Rhd8 $19 20. f3 c5) 20. Bg5 $2 (20. Bc5 $1 $15 Ke8 21. f3) 20... Rhd8 21. Rxd8 Rxd8 22. Rxd8 Kxd8 23. Bxf6+ $2 (23. Bd2) 23... gxf6 {[%mdl 4096] Endgame KP-KP} 24. Kf1 b5 25. Ke2 a5 26. Kd3 Kd7 27. Kd4 Kd6 28. f4 c5+ 29. Kd3 Kd5 30. c4+ Kc6 31. g4 a4 32. cxb5+ Kxb5 33. bxa4+ Kb4 34. a5 Kxa5 35. Kc4 Kb6 36. h4 Kc6 37. h5 h6 $4 {[%mdl 8192] [#]} (37... e5 {and all is fine.} 38. Kd3 Kd5 39. fxe5 fxe5 40. Ke2 e4 41. Kd2 Kd4 42. Kc2 e3 43. Kb3 e2 44. Ka4 e1=Q 45. Kb5 c4 46. g5 c3 47. g6 Qe5+ 48. Kb6 c2 49. gxf7 c1=Q 50. Kb7 Qcc7+ {[%mdl 64] Double Attack} 51. Ka8 Qe4#) 38. g5 $1 {[%mdl 576] Promotion. White mates.} fxg5 39. fxg5 hxg5 40. h6 g4 41. h7 Kd6 42. h8=Q g3 {[#]} 43. Qg8 $1 f5 44. Qxg3+ Ke7 {[#]} 45. Qe5 $1 Kf7 46. Kxc5 f4 47. Kd6 f3 48. Qxe6+ Kg7 49. Qe4 f2 50. Qf4 f1=Q 51. Qxf1 Kg6 52. Qf2 Kg5 53. Ke5 Kg4 {[%mdl 32768] What a bad dream for Black. Accuracy: White = 21%, Black = 54%. . An unexpected result.} 1/2-1/2

[Event "Stay Safe Play From Home 205"]
[Site "T#646634Emanuel Laske"]
[Date "2020.06.07"]
[Round "9"]
[White "Mandy"]
[Black "Haris kollari 13"]
[Result "0-1"]
[WhiteElo "931"]
[BlackElo "1659"]
[Annotator "NA RC"]
[PlyCount "26"]
[EventDate "2020.06.07"]
[EventType "swiss (blitz)"]

1. d4 {[%emt 0:00:02]} e6 {[%emt 0:00:00]} 2. Bf4 {[%emt 0:00:01]} d5 {[%emt 0:00:00]} 3. e3 {[%emt 0:00:01]} c5 {[%emt 0:00:01]} 4. c3 {[%emt 0:00:02]} Nc6 {[%emt 0:00:01]} 5. Nf3 {[%emt 0:00:02]} f5 {[%emt 0:00:01]} 6. h3 {[%emt 0:00:01]} Nf6 {[%emt 0:00:01]} 7. Bd3 {[%emt 0:00:01]} Bd6 {[%emt 0:00:01]} 8. Bg3 {[%emt 0:00:04]} Bxg3 {[%emt 0:00:02]} 9. fxg3 {[%emt 0:00:02]} Qd6 {[%emt 0:00:01]} 10. Qc2 {[%emt 0:00:07]} Qxg3+ {[%emt 0:00:02]} 11. Kf1 {[%emt 0:00:03]} c4 {[%emt 0:00:01]} 12. Be2 {[%emt 0:00:06]} Ne4 {[%emt 0:00:01]} 13. b3 {[%emt 0:00:27]} Qf2# {[%emt 0:00:02] (Lag: Av=0.46s, max=1.0s)} 0-1